00000000nem 2200000zi 4500
0019.941176
003CaOODSP
00520250606111726
006m     o  d f      
007cr cn ||||||||
008240726t20242024oncc   cc a  fo 0   eng d
020 |a9780660729589
0341 |aa|b6000000|dE1410000|eE0500000|fN0900000|gN0417500
040 |aCaOODSP|beng|erda|cCaOODSP
043 |an-cn---
0861 |aM45-157/2024E-PDF
24500|aRelief of Canada.
255 |aScale 1:6,000,000 ; |bLambert Conformal Conic projection |c(E 141°00'--E 50°00'/N 90°00'--N 41°75').
264 1|a[Ottawa] : |bNatural Resources Canada = Ressources naturelles Canada, |c2024.
264 4|c©2024
300 |a1 online resource (1 map) : |bcolour.
336 |acartographic image|bcri|2rdacontent
337 |acomputer|bc|2rdamedia
338 |aonline resource|bcr|2rdacarrier
4901 |aNatural Resources Canada, general information product ; |v157e
4900 |aThe Atlas of Canada reference map series = La série de cartes de référence de l'Atlas du Canada ; |vMap MCR 0101E
500 |aIncludes text and legend.
500 |aIssued also in French under title: Relief du Canada.
504 |aIncludes bibliographical references.
520 |a"This map depicts Canada's relief and the surrounding oceanic bathymetry. The map uses hypsometric tints along with a hill shade to visualize the relief and the ocean floor. Canada’s relief is widely varied from the Coastal and Rocky Mountains in the west to the Great Plains of the interior to the Appalachian Mountains in the east and north towards the northern most mountain range in the world, the Challenger Mountains in Nunavut"--Provided by the publisher.
530 |aIssued also in printed form.
650 0|aBathymetric maps.
651 0|aCanada|vRelief models.
655 7|aDigital maps|2lcgft
655 7|aBathymetric maps|2lcgft
7101 |aCanada. |bNatural Resources Canada, |eissuing body.
77508|tRelief du Canada.|w(CaOODSP)9.941179
7760#|tRelief of Canada.|w(CaOODSP)9.941182
830#0|aGeneral information product (Canada. Natural Resources Canada)|v157e.|w(CaOODSP)9.822750
85640|qPDF|s120 MB|uhttps://publications.gc.ca/collections/collection_2025/rncan-nrcan/M45-157-2024-eng.pdf
85640|qHTML|sN/A|uhttps://doi.org/10.4095/pe5mnk08hr